<?xml version="1.0" encoding="UTF-8"?>
<marc:record xmlns:marc="http://www.loc.gov/MARC21/slim">
   <marc:leader>00000nam a2200000 a 4500</marc:leader>
   <marc:datafield ind1="1" ind2=" " tag="100">
      <marc:subfield code="a">Lier, Sara</marc:subfield>
      <marc:subfield code="4">aut</marc:subfield>
      <marc:subfield code="e">Verfasser/-in</marc:subfield>
   </marc:datafield>
   <marc:datafield ind1=" " ind2=" " tag="653">
      <marc:subfield code="a">Madeira</marc:subfield>
   </marc:datafield>
   <marc:datafield ind1=" " ind2=" " tag="653">
      <marc:subfield code="a">Portugal</marc:subfield>
   </marc:datafield>
   <marc:datafield ind1="0" ind2="0" tag="245">
      <marc:subfield code="a">Madeira</marc:subfield>
   </marc:datafield>
   <marc:datafield ind1="0" ind2="0" tag="245">
      <marc:subfield code="c">Text: Sara Lier</marc:subfield>
   </marc:datafield>
   <marc:datafield ind1=" " ind2="1" tag="264">
      <marc:subfield code="a">Ostfildern</marc:subfield>
      <marc:subfield code="b">MAIRDUMONT</marc:subfield>
      <marc:subfield code="c">2023</marc:subfield>
   </marc:datafield>
   <marc:datafield ind1="1" ind2=" " tag="490">
      <marc:subfield code="a">Baedeker</marc:subfield>
   </marc:datafield>
   <marc:datafield ind1=" " ind2=" " tag="250">
      <marc:subfield code="a">15., aktualisierte Auflage</marc:subfield>
   </marc:datafield>
   <marc:datafield ind1="1" ind2=" " tag="520">
      <marc:subfield code="a">Bizarre Felsformationen, grüne Schluchten und türkisblaues Meer &#x96; wer einen Madeira Urlaub plant, erlebt eine bunte Blumeninsel im Atlantik. In unserem Reiseführer Madeira zeigen wir Ihnen die Orte, die Sie auf keinen Fall verpassen sollten: Übersichtlich und ausführlich von A &#x96; Z nehmen wir Sie mit zur Inselhauptstadt Funchal, in die &#x84;Gemeinde der Korbschlitten&#x93; Monte und nach Santana, einem Dorf berühmt für seine mit Stroh gedeckten Häuser. Vier inspirierende Tourenvorschläge lassen Sie die Lavapools in Porto Moniz genauer entdecken, führen Sie in den Lorbeerwald von Ribeiro Frio und auf die Felsenhalbinsel Ponta de Sao Lourenco, die östlichste Spitze der Madeira Insel. Unsere Reisetipps verraten, wo Sie im hübschen Küstenort Sao Vicente unterirdische Lavakanäle finden, wie die Geschichte Madeiras im Städtchen Machico begann und wie Ihnen die perfekte Mischung aus Sightseeing, Wanderungen und Madeira-Strandurlaub gelingt. (Verlagstext)</marc:subfield>
   </marc:datafield>
   <marc:datafield ind1=" " ind2=" " tag="020">
      <marc:subfield code="a">9783575000712</marc:subfield>
      <marc:subfield code="9">9783575000712</marc:subfield>
   </marc:datafield>
   <marc:datafield ind1=" " ind2=" " tag="020">
      <marc:subfield code="a">3575000719</marc:subfield>
      <marc:subfield code="9">3575000719</marc:subfield>
   </marc:datafield>
   <marc:datafield ind1=" " ind2=" " tag="300">
      <marc:subfield code="e">1 Faltkarte</marc:subfield>
   </marc:datafield>
   <marc:datafield ind1=" " ind2=" " tag="300">
      <marc:subfield code="a">250 Seiten : Illustrationen, Karten + 1 Faltkarte</marc:subfield>
   </marc:datafield>
</marc:record>
